L' année terrible / (Record no. 155668)

MARC details
000 -LEADER
campo de control de longitud fija 00738nam a22002295i 4500
001 - NÚMERO DE CONTROL
campo de control 155668
003 - IDENTIFICADOR DE NÚMERO DE CONTROL
campo de control ES-MaACL
005 - FECHA Y HORA DE LA ÚLTIMA TRANSACCIÓN
campo de control 20250716062624.0
008 - DATOS DE LONGITUD FIJA--INFORMACIÓN GENERAL
campo de control de longitud fija 970724s1872 fr |||| | fre d
040 ## - FUENTE DE CATALOGACIÓN
Centro catalogador/agencia de origen CLM
Lengua de catalogación spa
Centro/agencia transcriptor CLM
080 ## - NÚMERO DE LA CLASIFICACIÓN DECIMAL UNIVERSAL
Número de la Clasificación Decimal Universal 821.133.1-31"18"
100 1# - ENTRADA PRINCIPAL--NOMBRE DE PERSONA
Nombre de persona Hugo, Victor,
Fechas asociadas al nombre 1802-1885
9 (RLIN) 64627
245 13 - MENCIÓN DEL TÍTULO
Título L' année terrible /
Mención de responsabilidad, etc. Victor Hugo.
250 ## - MENCION DE EDICION
Mención de edición 6ª ed.
260 ## - PUBLICACIÓN, DISTRIBUCIÓN, ETC.
Lugar de publicación, distribución, etc. París :
Nombre del editor, distribuidor, etc. Michel Lévy Frères, éditeurs,
Fecha de publicación, distribución, etc. 1872.
300 ## - DESCRIPCIÓN FÍSICA
Extensión [8], 427 p. ;
Dimensiones 22 cm.
490 1# - MENCIÓN DE SERIE
Mención de serie Oeuvres de Victor Hugo
596 2# - NOTA AL PIE DE IMPRENTA
NOTA AL PIE DE IMPRENTA Marca tip. en port.
830 0# - PUNTO DE ACCESO ADICIONAL DE SERIE-TÍTULO UNIFORME
Título uniforme Oeuvres de Victor Hugo
9 (RLIN) 221588
852 ## - LOCALIZACIÓN
Ubicación ES-MaACL
Número de control de estantería E-13074
Nota libre .- Legado M de la Fuente
-- -- Enc. hol.
Encuadernación -- Edic.: El imp. es "J. Claye"
Holdings
Estatus retirado Estado de pérdida Estado de daño No para préstamo Colección Biblioteca de origen Biblioteca actual Ubicación en estantería Fecha de adquisición Total de préstamos Signatura topográfica completa Código de barras Visto por última vez Precio de reemplazo Tipo de ítem Koha
        Libros del s. XIX Biblioteca del Ateneo de Madrid Biblioteca del Ateneo de Madrid Depósito 2 17/01/2008   E-13074 1162833 23/02/2023 23/02/2023 Libro impreso antiguo